000
00329 a2200157 4500
001
179056
020
_a
040
_c
Magnum
100
_a
Batista, Marcia
240
1
0
_a
Pedrinho e seus chinelos
_l
por
245
1
0
_a
Pedrinho e seus chinelos
362
0
_a
1899
440
1
_a
RHJ
697
_a
MAGNITO: I/GERAL
942
_c
BK
999
_c
179056
_d
179056